000 00481nam a2200169 i 4500
001 97353
003 ES-MaACL
005 20240131063032.0
007 t|
008 050711s1953 sp ||||1| cat d
100 1 _aMaragall, Joan,
_d1860-1911
_9152432
245 1 0 _aPoesies
_b: selecció /
_cJoan Maragall.
260 _aBarcelona :
_b[s.n.],
_c1953 (
_fImp. Clarasó)
300 _a42 p. ;
_c19 cm.
852 _aES-MaACL
_j1948-F-2
_bR.34197
999 _c97353
_d97353